Eurovision 2019 - Statistics

General Stats
  • This quiz has been taken 3 times
  • The average score is 24 of 41
Answer Stats
Country Song % Correct
Ireland 22
100%
Netherlands Arcade
100%
Czech Republic Friend of a Friend
100%
Israel Home
100%
Spain La Venda
100%
North Macedonia Proud
100%
France Roi
100%
Germany Sister
100%
Italy Soldi
100%
Portugal Telemoveis
100%
Greece Better Love
50%
UK Bigger Than Us
50%
Malta Chameleon
50%
Poland Fire of Love
50%
Montenegro Heaven
50%
Georgia Keep on Going
50%
Serbia Kruna
50%
Belarus Like It
50%
Austria Limits
50%
Finland Look Away
50%
Denmark Love Is Forever
50%
Romania On a Sunday
50%
Cyprus Replay
50%
Lithuaenia Run With The Lions
50%
San Marino Say Na Na Na
50%
Russia Scream
50%
Slovenia Sebi
50%
Switzerland She Got Me
50%
Norway Spirit in the Sky
50%
Moldova Stay
50%
Estonia Storm
50%
Latvia That Night
50%
Croatia The Dream
50%
Sweden Too Late For Love
50%
Azerbaijan Truth
50%
Belgium Wake Up
50%
Armenia Walking Out
50%
Australia Zero Gravity
50%
Hungary Az en apam
0%
Iceland Hatrid mun sigra
0%
Albania Ktheju Tokes
0%
No matching quizzes found
Score Distribution
Percent of People with Each Score
Percentile by Number Answered
Your Score History
You have not taken this quiz